<?xml version="1.0" encoding="UTF-8"?>
<record
    xmlns:xsi="http://www.w3.org/2001/XMLSchema-instance"
    xsi:schemaLocation="http://www.loc.gov/MARC21/slim http://www.loc.gov/standards/marcxml/schema/MARC21slim.xsd"
    xmlns="http://www.loc.gov/MARC21/slim">

  <leader>00724cam a22002294a 4500</leader>
  <controlfield tag="001">sa 65007013 </controlfield>
  <controlfield tag="003">DLC</controlfield>
  <controlfield tag="005">20260227112146.0</controlfield>
  <controlfield tag="008">890510s1962    ii            000 0 hino </controlfield>
  <datafield tag="010" ind1=" " ind2=" ">
    <subfield code="a">sa 65007013 </subfield>
  </datafield>
  <datafield tag="035" ind1=" " ind2=" ">
    <subfield code="a">(OCoLC)23578508</subfield>
  </datafield>
  <datafield tag="040" ind1=" " ind2=" ">
    <subfield code="a">DLC</subfield>
    <subfield code="c">DLC</subfield>
  </datafield>
  <datafield tag="050" ind1="0" ind2="0">
    <subfield code="a">BL1219</subfield>
    <subfield code="b">.H3 1962</subfield>
  </datafield>
  <datafield tag="100" ind1="0" ind2=" ">
    <subfield code="a">Ha&#x1E43;sar&#x101;ja,</subfield>
    <subfield code="d">1864-1938.</subfield>
  </datafield>
  <datafield tag="245" ind1="1" ind2="0">
    <subfield code="a">Dasa avat&#x101;ro&#x1E43; k&#x12B; kalpan&#x101; kaise? /</subfield>
    <subfield code="c">sa&#x1E45;kalayit&#x101;, Ha&#x1E43;sar&#x101;ja ; samp&#x101;dika, R&#x101;nagop&#x101;la &#x15A;&#x101;str&#x12B;.</subfield>
  </datafield>
  <datafield tag="260" ind1=" " ind2=" ">
    <subfield code="a">Amr&#x325;tasara :</subfield>
    <subfield code="b">R&#x101;mal&#x101;la Kap&#x16B;ra e&#x1E47;&#x1E0D;a Sa&#x1E43;sa,</subfield>
    <subfield code="c">1962.</subfield>
  </datafield>
  <datafield tag="300" ind1=" " ind2=" ">
    <subfield code="a">32 p. ;</subfield>
    <subfield code="c">24 cm.</subfield>
  </datafield>
  <datafield tag="546" ind1=" " ind2=" ">
    <subfield code="a">In Hindi.</subfield>
  </datafield>
  <datafield tag="500" ind1=" " ind2=" ">
    <subfield code="a">Cover title.</subfield>
  </datafield>
  <datafield tag="650" ind1=" " ind2="0">
    <subfield code="a">Vishnu (Hindu deity)</subfield>
    <subfield code="x">Incarnations.</subfield>
  </datafield>
  <datafield tag="700" ind1="1" ind2=" ">
    <subfield code="a">&#x15A;&#x101;str&#x12B;, R&#x101;magop&#x101;la,</subfield>
    <subfield code="d">1890-</subfield>
  </datafield>
  <datafield tag="999" ind1=" " ind2=" ">
    <subfield code="c">64999</subfield>
    <subfield code="d">64999</subfield>
  </datafield>
</record>
